| 000 | 00000nam##2200000za#4500 |
| 001 | 9.575606 |
| 003 | CaOODSP |
| 005 | 20210624184738 |
| 007 | cr ||||||||||| |
| 008 | 150406|2008||||xxc|||||o f|0| 0 eng|d |
| 040 | |aCaOODSP|beng |
| 043 | |an-cn--- |
| 086 | 1 |aTU3-5/08-26E-PDF |
| 110 | 2 |aTransportation Safety Board of Canada. |
| 245 | 10|aOut-of-trim nose down condition leading to an Airplane upset - Air Transat Airbus A310-308 C-GPAT, Québec International Airport/Jean Lesage, Quebec, 05 March 2008 |h[electronic resource] |
| 260 | |aGatineau - Quebec : |bTransportation Safety Board of Canada |c[2008]. |
| 300 | |a56p.|bcoloured illus., figs., tables |
| 490 | 1 |aAviation investigation report |vA08Q0051 |
| 590 | |a13-02-Supp|b2013-01-11 |
| 775 | 08|tCondition non compensée en piqué menant à une perte de maîtrise du Airbus A310-308 C-GPAT exploité par Air Transat à l'aéroport international de Québec/Jean-Lesage (Québec), le 5 mars 2008 |w(CaOODSP)9.605104 |
| 830 | #0|aAviation investigation report ;|vA08Q0051|w(CaOODSP)9.504825 |
| 856 | 40|ahttp://publications.gc.ca|qPDF|s950 KB|uhttps://publications.gc.ca/collections/collection_2012/bst-tsb/TU3-5-08-26-eng.pdf|yA08Q0051 |